000 00825nam a2200193 i 4500
001 48503
003 ES-MaACL
005 20250805063239.0
007 t|
008 950721s1889 po |||| | por d
100 1 _aDelgado, Joaquim Filipe Nery,
_d1835-1908
_943410
245 1 0 _aRelatorio ácerca da quarta sessao do Congresso Geologico Internacional realisada em Londres no mez de setembro de 1888 /
_cpor Joaquim Filippe Nery da Encarnacao Delgado...
260 _aLisboa :
_bImprenta Nacional,
_c1889.
300 _a62 p. ;
_c30 cm.
711 2 _aCongreso Geológico Internacional (
_n4º.
_d1888.
_cLondres)
_9377
852 _aES-MaACL
_jT-895-F-1
_z.- Legado Federico Botella y de Hornos
_z- Enc. en un vol. facticio conservando la cub. original
852 _aES-MaACL
_jT-502-F-1
999 _c48503
_d48503